| 000 | 00493nam a2200169Ia 4500 | ||
|---|---|---|---|
| 999 |
_c20884 _d20884 |
||
| 003 | OSt | ||
| 005 | 20201216125026.0 | ||
| 008 | 190216s9999||||xx |||||||||||||| ||und|| | ||
| 020 | _a8175740868 | ||
| 040 | _coclc | ||
| 082 |
_a069 _bBHA/M |
||
| 100 |
_aBhatnagar, Anupama _92857 |
||
| 245 | 0 |
_aMuseum Museology And New Museology / _cAnupama Bhatnagar |
|
| 260 |
_bSundeep Prakashan, _c1999. _aNew Delhi: |
||
| 300 | _a140p | ||
| 942 |
_cREF _2ddc _h069 _iBHA/M _k069 _mBHA/M |
||